Use of space technology for disaster management with special emphasis on rural areas (Record no. 39053)

000 -LEADER
fixed length control field 00514pab a2200181 454500
008 - FIXED-LENGTH DATA ELEMENTS--GENERAL INFORMATION
fixed length control field 180718b1998 xxu||||| |||| 00| 0 eng d
100 ## - MAIN ENTRY--PERSONAL NAME
Personal name Venkatachary, K.v.
245 ## - TITLE STATEMENT
Title Use of space technology for disaster management with special emphasis on rural areas
260 ## - PUBLICATION, DISTRIBUTION, ETC.
Date of publication, distribution, etc. 1998
300 ## - PHYSICAL DESCRIPTION
Extent p.373-89
362 ## - DATES OF PUBLICATION AND/OR SEQUENTIAL DESIGNATION
Dates of publication and/or sequential designation Apr-Jun
650 ## - SUBJECT ADDED ENTRY--TOPICAL TERM
Topical term or geographic name entry element Rural areas - India
650 ## - SUBJECT ADDED ENTRY--TOPICAL TERM
Topical term or geographic name entry element Disaster prevention - India
650 ## - SUBJECT ADDED ENTRY--TOPICAL TERM
Topical term or geographic name entry element Disasters
700 ## - ADDED ENTRY--PERSONAL NAME
Personal name Gupta, A.K.
773 ## - HOST ITEM ENTRY
Main entry heading Journal of Rural Development
909 ## -
-- 39053
Holdings
Withdrawn status Lost status Damaged status Not for loan Permanent Location Current Location Date acquired Serial Enumeration / chronology Barcode Date last seen Price effective from Koha item type
        Indian Institute of Public Administration Indian Institute of Public Administration 2018-07-19 Volume no: 17, Issue no: 2 AR39417 2018-07-19 2018-07-19 Articles

Powered by Koha